LIBRARY ONLINE CATALOGUE

Textbook of economics / (Record no. 4373)

MARC details
000 -LEADER
fixed length control field 00637nam a22002172 4500
001 - CONTROL NUMBER
control field 0000023416
005 - DATE AND TIME OF LATEST TRANSACTION
control field 20151217145941.0
008 - FIXED-LENGTH DATA ELEMENTS--GENERAL INFORMATION
fixed length control field 121122s xx 000 0 eng d
020 ## - INTERNATIONAL STANDARD BOOK NUMBER
International Standard Book Number 8177225723 :
040 ## - CATALOGING SOURCE
Original cataloging agency KABU
Transcribing agency KABU
100 1# - MAIN ENTRY--PERSONAL NAME
Personal name Boyes, William.
-- 0000182788
245 10 - TITLE STATEMENT
Title Textbook of economics /
Statement of responsibility, etc. William Boyes, Michael Melvin.
250 ## - EDITION STATEMENT
Edition statement 6th ed.
260 ## - PUBLICATION, DISTRIBUTION, ETC. (IMPRINT)
Place of publication, distribution, etc. New Delhi :
Name of publisher, distributor, etc. Biztantra,
Date of publication, distribution, etc. 2005.
300 ## - PHYSICAL DESCRIPTION
Extent 1v. (various paging) ;
650 #0 - SUBJECT ADDED ENTRY--TOPICAL TERM
Topical term or geographic name as entry element Economics.
-- 0000148279
700 1# - ADDED ENTRY--PERSONAL NAME
Personal name Melvin, Michael.
-- 0000182789
852 1# - LOCATION
-- p1350 KES
908 ## - PUT COMMAND PARAMETER (RLIN)
Put command parameter 121122
950 ## - LOCAL HOLDINGS (RLIN)
-- 1
Holdings
Withdrawn status Lost status Source of classification or shelving scheme Not for loan Home library Current library Date acquired Total Checkouts Full call number Barcode Date last seen Date last checked out Price effective from Koha item type
    Library of Congress Classification   Kabarak, Main Campus Kabarak, Main Campus 17/12/2015 6 HB171.5 .B69 2005 c.1 014192 02/08/2024 18/02/2021 17/12/2015 General Collection